Beliebteste Sportmarken Deutschlands - Statistiken

Allgemein
  • Dieses Quiz wurde 252 mal gespielt
    137 seit der letzten Aktualisierung
  • Das Durchschnittsergebnis liegt bei 4 aus 10
Antwortstatistiken
Land aus dem
die Marke kommt
Antwort % Korrekt
Deutschland Adidas
100%
U.S.A. Nike
100%
Deutschland Puma
96%
U.S.A. New Balance
38%
Schweiz On Running
33%
Japan Asics
27%
U.S.A. Under Armor
11%
Frankreich Salomon
5%
U.S.A. Skechers
3%
U.S.A. Converse
2%
Keine übereinstimmenden Quizze gefunden
Verteilung der Resultate
Anzahl Personen mit jedem Resultat
Perzentil nach korrekt beantworteten Fragen
Ihre Resultats-Entwicklung
Sie haben dieses Quiz seit der letzten Aktualisierung nicht gespielt